Partis politiques par leur leader - Statistiques

Statistiques générales
  • Ce quiz a été pris 235 fois
  • Le résultat moyen est 11 sur 14
Statistiques - réponses
Leader Parti % Correct
Jordan Bardella Le Rassemblement National
99%
Gabriel Attal Renaissance
98%
Manuel Bompard La France Insoumise
95%
Bruno Retailleau Les Républicains
90%
Eric Zemmour Reconquête
90%
Marine Tondelier Les Ecologistes
88%
Olivier Faure Le Parti socialiste
87%
Nathalie Arthaud Lutte Ouvrière
87%
Fabien Roussel Le Parti Communiste Français
79%
François Bayrou Mouvement Démocrate
70%
Edouard Philippe Horizons
69%
Phillipe Poutou Le Nouveau Parti Anticapitaliste
65%
Nicolas Dupont-Aignan Debout La France
52%
Jean Lassalle Résistons
38%
Aucun quiz correspondant
Distribution des résultats
% des personnes avec chaque résultat
Percentile par nombre de réponses
Votre historique - résultats
Vous n’avez pas pris ce quiz